000 00269nam a22001217a 4500
003 SGT
082 _aLAN
100 _aLANDER, JARED P.
245 _aR. FOR EVERYONE ADVANCED ANALYTIC AND GRAPHIC
260 _aPEARSON INDIA
_c2015
300 _a432
942 _2ddc
_cBK
_06
999 _c14280
_d14280